000 00243nam a2200097Ia 4500
001 715137
005 20250826162919.0
008 250824s9999 xx 000 0 und d
245 0 _aAŞK-I MEMNU
_cHALİD ZİYA UŞAKLIGİL
260 _bCAN YAYINLARI
999 _c715137
_d715137